| 000 | 00898nam0a22002531 4500 | ||
|---|---|---|---|
| 001 | RU\NLR\INFOCOMM5\ROSSICA\1000308535 | ||
| 005 | 20250613194006.0 | ||
| 035 | _a(NLR Aleph) 009983969 | ||
| 090 |
_a9708421 _c9708421 |
||
| 100 | _a20031008d1847 |||y0rusy50 ca | ||
| 101 | 0 | _ager | |
| 102 | _aRU | ||
| 105 | _ay ||||000ay | ||
| 200 | 1 |
_aBemerkungen über die eigenthümliche Erscheinung, dass an den meisten Flüssen Russlands das rechte Ufer gewoehnlich hoch, das linke aber flach gefunden wird und die Unmöglichkeit, das Causal-Verhaeltniss dieses Phaenomens aus der Grossen nordischen Diluvial-Fluth herzuleiten _fWangenheim von Qualen |
|
| 210 |
_aMoskau _d1847 |
||
| 215 | _d8° | ||
| 700 | 1 |
_aWangenheim von Qualen _4070 |
|
| 801 | 1 |
_aRU _bInfoComm _c20031008 |
|
| 801 | 0 |
_aRU _bNLR _gPSBO |
|
| 852 |
_aNLR _j13.14.3.93 |
||
| 942 | _cBOOK | ||
| 980 | _aNB | ||
| 980 | _aRossica | ||